000 00827cam a22002773a 4500
001 287
003 PGUSA
005 20140828082946.0
008 080629s2008||||xxu|||||s|||||000 1 eng d
040 _aPGUSA
_beng
042 _adc
050 4 _aPZ
050 4 _aPS
100 1 _aBarr, Amelia Edith Huddleston,
_d1831-1919
245 1 0 _aRemember the Alamo
_h[electronic resource] /
_cAmelia Edith Huddleston Barr
260 _bProject Gutenberg,
_c2008
506 _aPublic domain in the USA.
516 _aElectronic text
653 _aWar stories
653 _aAlamo (San Antonio, Tex.) -- Siege, 1836 -- Fiction
653 _aWestern stories
653 _aTexas -- History -- Revolution, 1835-1836 -- Fiction
830 0 _aProject Gutenberg
_v287
856 4 0 _uhttp://www.gutenberg.org/ebooks/287
942 _cEB
999 _c229638
_d229638